Aspects of Both the Quality and Efficiency of Airlines Passengers` Check in Process
Moderné technológie v leteckej doprave. Kvalita služieb poskytovaných cestujúcim. Prieskum spokojnosti zákazníkov.
Gespeichert in:
| 1. Verfasser: | |
|---|---|
| Format: | Buchkapitel |
| Sprache: | Englisch |
| Schlagworte: | |
| Tags: |
Keine Tags, Fügen Sie das erste Tag hinzu!
|
MARC
| LEADER | 00000naa$a2200000$$$4500 | ||
|---|---|---|---|
| 001 | 0241064 | ||
| 005 | 20240502073925.5 | ||
| 041 | 0 | |a eng | |
| 044 | |a SK | ||
| 245 | 1 | 0 | |a Aspects of Both the Quality and Efficiency of Airlines Passengers` Check in Process |c Michal Pružinský |
| 520 | |a Moderné technológie v leteckej doprave. Kvalita služieb poskytovaných cestujúcim. Prieskum spokojnosti zákazníkov. | ||
| 610 | 2 | 0 | |a doprava letecká |
| 610 | 2 | 0 | |a letiská |
| 610 | 2 | 0 | |a spoločnosti letecké |
| 610 | 2 | 0 | |a služby |
| 610 | 2 | 0 | |a kvalita |
| 610 | 2 | 0 | |a efektívnosť |
| 610 | 2 | 0 | |a technológie nové |
| 610 | 2 | 0 | |a zákazníci |
| 610 | 2 | 0 | |a Slovensko |
| 100 | 1 | |a Pružinský, Michal, 1952- | |